[Event "Sheikh Kamal Online Inv"]
[Site "Tornelo INT"]
[Date "2021.08.27"]
[Round "1"]
[White "Farooq, Noor"]
[Black "Priasmoro, Novendra"]
[Result "0-1"]
[WhiteElo "1706"]
[BlackElo "2502"]
[PlyCount "72"]
[EventDate "2021.08.27"]
[EventType "tourn (rapid)"]
[EventRounds "9"]
[EventCountry "BAN"]
[SourceTitle "CBM 204 Extra"]
[Source "ChessBase"]
[SourceDate "2021.11.30"]
[SourceVersion "1"]
[SourceVersionDate "2021.11.30"]
[SourceQuality "1"]

1. d4 Nf6 2. Bf4 g6 3. Nc3 d5 4. e3 Bg7 5. Nf3 0-0 6. Be2 c5 7. 0-0 Ne4 8. Nb5 Na6 9. c3 Bf5 10. Ne5 f6 11. Nf3 g5 12. Bg3 h5 13. h3 Qd7 14. Nd2 Nxg3 15. fxg3 e5 16. Bxh5 Bd3 17. Be2 Bxb5 18. Bxb5 Qxb5 19. Qf3 cxd4 20. exd4 Nc7 21. dxe5 fxe5 22. Qg4 Qxb2 23. Qxg5 Ne6 24. Qe3 d4 25. cxd4 Qxd4 26. Qxd4 exd4 27. Rab1 Nc5 28. Nf3 d3 29. Rfd1 Rad8 30. Rb4 Rfe8 31. Rg4 Ne4 32. Nh4 Nc3 33. Rd2 Re2 34. Rxe2 dxe2 35. Nf3 Rd1+ 36. Kh2 Rf1 0-1

[Event "Asia zt 3.2 Online"]
[Site "Tornelo INT"]
[Date "2021.06.08"]
[Round "8"]
[White "Ahmad, Awais"]
[Black "Farooq, Noor"]
[Result "0-1"]
[WhiteElo "1838"]
[BlackElo "1706"]
[PlyCount "80"]
[EventDate "2021.06.01"]
[EventType "swiss"]
[EventRounds "9"]
[EventCountry "NET"]
[SourceTitle "CBM 202 Extra"]
[Source "ChessBase"]
[SourceDate "2021.07.31"]
[SourceVersion "1"]
[SourceVersionDate "2021.07.31"]
[SourceQuality "1"]

1. d4 Nf6 2. Nf3 d5 3. c4 e6 4. g3 c6 5. Bg2 dxc4 6. 0-0 Nbd7 7. Bf4 Be7 8. Nbd2 b5 9. a4 Bb7 10. b3 c3 11. Nb1 b4 12. a5 a6 13. Qc2 c5 14. dxc5 Nxc5 15. Rd1 Qc8 16. Rd4 Be4 17. Qa2 Nd5 18. Rxe4 Nxe4 19. Qa4+ Kf8 20. Ne5 Nc5 21. Qa2 Ra7 22. Bc1 Bf6 23. f4 Nd7 24. Nxd7+ Qxd7 25. Qc2 Bd4+ 26. Kh1 Ne3 27. Bxe3 Bxe3 28. Ra4 Bc5 29. Bf3 Qd4 30. Kg2 Rd7 31. Kh3 f5 32. Na3 Qd2 33. Bc6 Rd6 34. Qb1 bxa3 35. b4 c2 36. Qb3 c1Q 37. bxc5 Qdb2 38. Qxb2 axb2 39. cxd6 b1Q 40. d7 Ke7 0-1

[Event "Asia zt 3.2 Online"]
[Site "Tornelo INT"]
[Date "2021.06.04"]
[Round "4"]
[White "Afzal, Shahwani"]
[Black "Farooq, Noor"]
[Result "0-1"]
[WhiteElo "1443"]
[BlackElo "1706"]
[PlyCount "34"]
[EventDate "2021.06.01"]
[EventType "swiss"]
[EventRounds "9"]
[EventCountry "NET"]
[SourceTitle "CBM 202 Extra"]
[Source "ChessBase"]
[SourceDate "2021.07.31"]
[SourceVersion "1"]
[SourceVersionDate "2021.07.31"]
[SourceQuality "1"]

1. d4 d5 2. c4 e6 3. Nc3 Nf6 4. Nf3 c6 5. Bg5 Nbd7 6. e3 Qa5 7. Nd2 dxc4 8. Bxc4 Qxg5 9. 0-0 Bd6 10. Nf3 Qh6 11. h3 g5 12. g4 Qxh3 13. Bd3 Nxg4 14. Ne4 Bh2+ 15. Kh1 Bc7+ 16. Kg1 Nh2 17. Nexg5 Nxf3+ 0-1

[Event "Asia zt 3.2 Online"]
[Site "Tornelo INT"]
[Date "2021.06.02"]
[Round "2"]
[White "Noshin, Anjum"]
[Black "Farooq, Noor"]
[Result "1-0"]
[WhiteElo "1948"]
[BlackElo "1706"]
[PlyCount "59"]
[EventDate "2021.06.01"]
[EventType "swiss"]
[EventRounds "9"]
[EventCountry "NET"]
[SourceTitle "CBM 202 Extra"]
[Source "ChessBase"]
[SourceDate "2021.07.31"]
[SourceVersion "1"]
[SourceVersionDate "2021.07.31"]
[SourceQuality "1"]

1. e4 c5 2. Nf3 Nc6 3. d4 cxd4 4. Nxd4 g6 5. c4 Bg7 6. Be3 Nf6 7. Nc3 Qa5 8. f3 a6 9. Qd2 d6 10. Be2 Bd7 11. 0-0 0-0 12. Rfd1 Rac8 13. Nxc6 bxc6 14. c5 Be6 15. cxd6 Rfd8 16. Nd5 Qxd2 17. Nxe7+ Kh8 18. Rxd2 Ra8 19. Nxc6 Rd7 20. Nb4 Ne8 21. Rad1 Rb8 22. Nxa6 Rxb2 23. Rxb2 Bxb2 24. Rb1 Bf6 25. Rb8 Rd8 26. e5 Rxb8 27. Nxb8 Bxa2 28. d7 Nd6 29. exf6 Nb7 30. Nc6 1-0

[Event "Asia zt 3.2 Online"]
[Site "Tornelo INT"]
[Date "2021.06.01"]
[Round "1"]
[White "Farooq, Noor"]
[Black "Ahmed, Sk Nasir"]
[Result "0-1"]
[WhiteElo "1706"]
[BlackElo "2178"]
[PlyCount "124"]
[EventDate "2021.06.01"]
[EventType "swiss"]
[EventRounds "9"]
[EventCountry "NET"]
[SourceTitle "CBM 202 Extra"]
[Source "ChessBase"]
[SourceDate "2021.07.31"]
[SourceVersion "1"]
[SourceVersionDate "2021.07.31"]
[SourceQuality "1"]

1. d4 Nf6 2. Bf4 e6 3. e3 c5 4. c3 b6 5. Nd2 Bb7 6. Ngf3 Be7 7. h3 0-0 8. Bd3 cxd4 9. exd4 d6 10. 0-0 Re8 11. Re1 Nbd7 12. a4 a6 13. c4 d5 14. b3 Nb8 15. a5 bxa5 16. c5 Nc6 17. Nb1 Nb4 18. Nc3 Nxd3 19. Qxd3 Nd7 20. Ra2 Nb8 21. Rea1 Nc6 22. Qd2 Qd7 23. Ne5 Nxe5 24. Bxe5 f6 25. Bg3 Bd8 26. Bd6 Bc6 27. f4 Ra7 28. Na4 Rb7 29. Qc3 Rb4 30. Nb2 Rb7 31. Nd3 Bb5 32. b4 Bxd3 33. Qxd3 Rxb4 34. Rd2 Rb5 35. Rdd1 Bc7 36. Bxc7 Qxc7 37. Qd2 e5 38. fxe5 fxe5 39. Re1 e4 40. Ra4 Qg3 41. Qe3 Qxe3+ 42. Rxe3 Rb4 43. Rxa5 Rxd4 44. c6 Rd1+ 45. Kh2 d4 46. Rd5 dxe3 47. Rxd1 Rc8 48. Rc1 e2 49. Kg3 Rxc6 50. Re1 Rc2 51. Kf4 a5 52. Kxe4 a4 53. Kd3 Rb2 54. Kc3 a3 55. g3 Kf7 56. Rg1 Kg6 57. Re1 Kf5 58. Ra1 Ke4 59. h4 Ke3 60. Rxa3 Rb7 61. Kc4+ Kf2 62. Ra2 Kf1 0-1

[Event "Asia Nations online Cup"]
[Site "Chess.com INT"]
[Date "2020.10.18"]
[Round "9.17"]
[White "Salim Mohammed, Salim Al Amri"]
[Black "Farooq, Noor"]
[Result "1-0"]
[WhiteElo "1926"]
[BlackElo "1706"]
[PlyCount "67"]
[EventDate "2020.10.10"]
[EventType "team-swiss (rapid)"]
[EventRounds "9"]
[EventCountry "IND"]
[SourceTitle "CBM 198 Extra"]
[Source "ChessBase"]
[SourceDate "2020.11.30"]
[SourceVersion "1"]
[SourceVersionDate "2020.11.30"]
[SourceQuality "1"]
[WhiteTeam "Oman"]
[BlackTeam "Maldives"]
[WhiteTeamCountry "OMN"]
[BlackTeamCountry "MDV"]

1. e4 d6 2. d4 Nf6 3. Nc3 Nbd7 4. Nf3 e5 5. Bc4 Be7 6. 0-0 c6 7. a4 Qc7 8. Ba2 a5 9. Bg5 h6 10. Bh4 g5 11. Bg3 g4 12. dxe5 dxe5 13. Nh4 Nf8 14. f3 gxf3 15. Qxf3 Bg4 16. Qe3 Be6 17. Nf5 0-0-0 18. Qa7 Bxa2 19. Rxa2 Ng6 20. Qa8+ Kd7 21. Rd1+ Ke8 22. Rxd8+ Bxd8 23. Ra1 Qb6+ 24. Kh1 Qxb2 25. Rd1 Nd7 26. Qc8 Ngf8 27. Bh4 f6 28. Bxf6 Nxf6 29. Qxd8+ Kf7 30. Nd6+ Kg6 31. Rf1 Qxc3 32. Qxf6+ Kh5 33. Qf5+ Kh4 34. g3+ 1-0

[Event "Joytu Sheikh Hasina Online op"]
[Site "Chess.com INT"]
[Date "2020.09.26"]
[Round "7"]
[White "Nusrat Jahan, Alo"]
[Black "Farooq, Noor"]
[Result "1-0"]
[WhiteElo "1730"]
[BlackElo "1706"]
[PlyCount "99"]
[EventDate "2020.09.24"]
[EventType "swiss"]
[EventRounds "9"]
[EventCountry "BAN"]
[SourceTitle "EXT 2022"]
[Source "ChessBase"]
[SourceDate "2021.10.06"]
[SourceVersion "1"]
[SourceVersionDate "2021.10.06"]
[SourceQuality "1"]

1. e4 e6 2. d4 d5 3. e5 c5 4. c3 Nc6 5. Nf3 Bd7 6. Be2 Rc8 7. a3 cxd4 8. cxd4 Qb6 9. 0-0 Nge7 10. b4 Nf5 11. Bb2 Be7 12. Qd3 0-0 13. Nbd2 f6 14. Nb3 fxe5 15. dxe5 a6 16. Qd2 Na7 17. Rac1 Bb5 18. Nbd4 Bxe2 19. Qxe2 Nxd4 20. Bxd4 Qb5 21. Qd2 Nc6 22. Bc5 Bxc5 23. Rxc5 Qa4 24. Qd3 h6 25. Qg6 Rce8 26. Qd3 Rf5 27. Re1 b6 28. Rc3 Rf4 29. Rec1 Ne7 30. h3 b5 31. Ne1 Rc4 32. Nf3 Rec8 33. Rxc4 bxc4 34. Qc3 Nf5 35. Nd4 Nxd4 36. Qxd4 Qxa3 37. Rb1 c3 38. Qg4 Rc6 39. Re1 c2 40. Qg6 Rc8 41. Qxe6+ Kh7 42. Qxc8 Qxb4 43. Qxc2+ Kh8 44. Rc1 a5 45. e6 Qe7 46. Qc8+ Kh7 47. Qd7 Qa3 48. Rf1 d4 49. e7 d3 50. e8Q 1-0

[Event "Joytu Sheikh Hasina Online op"]
[Site "Chess.com INT"]
[Date "2020.09.24"]
[Round "2"]
[White "S, M Sharon"]
[Black "Farooq, Noor"]
[Result "1-0"]
[WhiteElo "2106"]
[BlackElo "1706"]
[PlyCount "41"]
[EventDate "2020.09.24"]
[EventType "swiss"]
[EventRounds "9"]
[EventCountry "BAN"]
[SourceTitle "EXT 2022"]
[Source "ChessBase"]
[SourceDate "2021.10.06"]
[SourceVersion "1"]
[SourceVersionDate "2021.10.06"]
[SourceQuality "1"]

1. e4 d6 2. d4 Nf6 3. Bd3 Nbd7 4. c4 e5 5. d5 c6 6. Nc3 Qc7 7. Be3 Be7 8. f3 a6 9. Nge2 h6 10. Rc1 c5 11. a3 Nf8 12. b4 b6 13. bxc5 bxc5 14. Rb1 Rb8 15. 0-0 Ng6 16. Qa4+ Nd7 17. Qc6 Qa7 18. Rxb8 Qxb8 19. Rb1 Qa7 20. Qxc8+ Bd8 21. Rb7 1-0

[Event "Online Olym Div4 A"]
[Site "Chess.com INT"]
[Date "2020.08.02"]
[Round "9.1"]
[White "Farooq, Noor"]
[Black "Liu, Yeh Yang"]
[Result "0-1"]
[WhiteElo "1706"]
[BlackElo "1988"]
[PlyCount "120"]
[EventDate "2020.07.31"]
[EventType "team-tourn (rapid)"]
[EventRounds "9"]
[EventCountry "USA"]
[SourceTitle "CBM 198"]
[Source "ChessBase"]
[SourceDate "2020.10.31"]
[SourceVersion "1"]
[SourceVersionDate "2020.10.31"]
[SourceQuality "1"]
[WhiteTeam "Maldives"]
[BlackTeam "Taiwan"]
[WhiteTeamCountry "MDV"]
[BlackTeamCountry "TPE"]

1. d4 d5 2. Bf4 c5 3. e3 Nc6 4. c3 Qb6 5. Qb3 c4 6. Qxb6 axb6 7. Nd2 Nf6 8. h3 b5 9. a3 b4 10. Ngf3 e6 11. Nb1 bxa3 12. Nxa3 Bxa3 13. Rxa3 Rxa3 14. bxa3 Ne4 15. Ne5 Nxe5 16. Bxe5 f6 17. Bc7 Nxc3 18. Ba5 Nb5 19. Bb4 Bd7 20. Be2 Kf7 21. 0-0 Ra8 22. Rb1 Nxa3 23. Ra1 Nc2 24. Rxa8 Nxb4 25. Kf1 Nc6 26. Bd1 b5 27. Ra6 b4 28. Rb6 b3 29. Ke2 Ke7 30. Kd2 Kd6 31. Kc3 Kc7 32. Ra6 Kb7 33. Ra1 Na7 34. Bxb3 Nb5+ 35. Kb2 cxb3 36. Kxb3 Nd6 37. f3 Bb5 38. Re1 Kb6 39. e4 Bc4+ 40. Kb4 Nb5 41. exd5 Bxd5 42. Rc1 Nxd4 43. Rc8 e5 44. Kc3 Ne2+ 45. Kd2 Nf4 46. Rh8 h5 47. g3 Nxh3 48. Rxh5 Ng5 49. f4 Ne4+ 50. Ke3 Nxg3 51. Rh3 Nf5+ 52. Kd3 exf4 53. Rh2 Kc5 54. Rf2 g5 55. Rc2+ Kd6 56. Rb2 f3 57. Rb6+ Ke5 58. Rb2 Kf4 59. Rb5 Be4+ 60. Kd2 f2 0-1